00580nam a22001457a 4500020000800000040001600008082002000024100003400044245014000078260005900218300002400277942001200301999001900313952010200332 qHB. cFIZZA ISHAQ a809.387203bDEA a DeAndrea, William L.9134343 aEncyclopedia mysteriosa : a comprehensive guide to the art of detection in print, film, radio, and television /c William L. DeAndrea. a New York :b Prentice Hall General Reference ,c1994. ax, 405 p. ; c25 cm 2ddccBK c617320d617320 00102ddc4070aNQCbNQCcREFd2026-05-06l0o809.387203 DEApQD-601r2026-05-06w2026-05-06yBK